00514nam a2200121 a 450000500170000000800410001705000210005810000250007924501500010494200090025499900170026395201120028020140408090020.0030603s19uu xx 00 eng d aPHS '00bAr3 #3b aArguelles, Joymie G. aA Study on the effects of separation of parents on the emotional development of selected High School Students of Southville International School. cPASS c96257d96257 001040aLUXbLUXcPASSd2003-06-03egiftl0oPHS '00 Ar3 #3bpP0188r2014-04-08 00:00:00w2014-04-08yPASS